000
00318nam a2200109Ia 4500
008
200302s9999 xx 000 0 und d
100
_a
Jolyon Drury and Peter Falconer
245
_a
Buldings for Industrial Storage and Distribution 2nd ed.
260
_b
Architectural World Co., Ltd.
260
_c
2003
300
_a
270 P.,
999
_c
2823
_d
2823